000 00453nam a2200169Ia 4500
008 090124s9999 xx 000 0 und d
082 _b47526
100 _aवर्दे दीपा
245 _a प्रतिशोध
250 _a1
260 _c2008
600 _aवर्दे दीपा
630 _a प्रतिशोध
700 _aवर्दे दीपा
730 _a प्रतिशोध
942 _cBOOK
999 _c113860
_d113860